Narrative power and liberal truth : Hobbes, Locke, Bentham and Mill
Αποθηκεύτηκε σε:
| Κύριος συγγραφέας: | |
|---|---|
| Μορφή: | Βιβλίο |
| Γλώσσα: | English |
| Δημοσίευση: |
Lanham :
Rowman & Littlefield Publishers, c2002,
|
| Θέματα: | |
| Ετικέτες: |
Προσθήκη ετικέτας
Δεν υπάρχουν, Καταχωρήστε ετικέτα πρώτοι!
|
MARC
| LEADER | 00000cam a2200000 i 4500 | ||
|---|---|---|---|
| 001 | 1/60185 | ||
| 008 | 040914s2002 eng d | ||
| 020 | |a 0-7425-0791-2 | ||
| 035 | |l 10074250 | ||
| 040 | |a GR-MY-UA |b gre |e aacr | ||
| 041 | 0 | |a eng | |
| 082 | 0 | |a 320.5120942 |2 (21) | |
| 100 | 1 | |a Eisenach, Eldon J. | |
| 245 | 1 | 0 | |a Narrative power and liberal truth : |b Hobbes, Locke, Bentham and Mill / |c Eldon J. Eisenach |
| 260 | |a Lanham : |b Rowman & Littlefield Publishers, |b c2002, | ||
| 300 | |a ix, 235 σ.; |c 23 εκ. | ||
| 504 | |a Περιέχει βιβλιογραφία και ευρετήριο | ||
| 600 | 1 | 0 | |a Bentham, Jeremy, |d 1748-1832. |
| 600 | 1 | 0 | |a Hobbes, Thomas, |d 1588-1679. |
| 600 | 1 | 0 | |a Locke, John, |d 1632-1704. |
| 600 | 1 | 0 | |a Mill, John Stuart, |d 1806-1873. |
| 650 | 0 | 0 | |a Liberalism |z Great Britain |x History. |
| 650 | 0 | 0 | |a Religion and politics |z Great Britain |x History. |
| 852 | |a INST |b LESVOS |e 20040914 |h 320.5120942 EIS |p 005100030970 |q 005100030970 |t BK |y 0 | ||
| 901 | |a BIBL1-2004-3 | ||
| 909 | |a Λ |b 113255 | ||
| 922 | |a 1ΕΛΗ |b 200408 |c ΕΠΕΑΕΚ2/ΤΚΑ |d ΜΙΧΑΛΟΠΟΥΛΟΣ | ||
| 950 | |a 117-2004-06-15 | ||
| 970 | |a ΧΡΙΣΤΟΦΑ |b ΝΙΚΗ |z 2004/11/04 | ||